000 01340cam a2200325 a 4500
001 15963799
003 OSt
005 20151009095821.0
008 091028s2010 nyu b 001 0beng
010 _a 2009045612
020 _a9780805082395
040 _aDLC
_cDLC
_dDLC
043 _an-us---
050 0 0 _aE847
_b.P48 2010
082 0 0 _a973.923092
_aB
_222
100 1 _aPeters, Charles,
_d1926-
245 1 0 _aLyndon B. Johnson /
_cCharles Peters.
250 _a1st ed.
260 _aNew York :
_bTimes Books,
_cc2010.
300 _axviii, 199 p. ;
_c22 cm.
490 0 _aThe American presidents
504 _aIncludes bibliographical references (p. [177]-181) and index.
505 0 _aEarly life -- Mr. Johnson comes to Washington -- Trying for the Senate -- The art of the possible -- Running second -- A winning year -- The great society -- Escalation -- A cultural revolution -- Going home.
600 1 0 _aJohnson, Lyndon B.
_q(Lyndon Baines),
_d1908-1973.
650 0 _aPresidents
_zUnited States
_vBiography.
651 0 _aUnited States
_xPolitics and government
_y1945-1989.
906 _a7
_bcbc
_corignew
_d1
_eecip
_f20
_gy-gencatlg
942 _2lcc
_cBK
999 _c250366
_d250366